<?xml version="1.0" encoding="UTF-8"?>
<record
    xmlns:xsi="http://www.w3.org/2001/XMLSchema-instance"
    xsi:schemaLocation="http://www.loc.gov/MARC21/slim http://www.loc.gov/standards/marcxml/schema/MARC21slim.xsd"
    xmlns="http://www.loc.gov/MARC21/slim">

  <leader>01001    a2200205   4500</leader>
  <datafield tag="999" ind1=" " ind2=" ">
    <subfield code="c">94496</subfield>
    <subfield code="d">94496</subfield>
  </datafield>
  <controlfield tag="005">20241129103659.0</controlfield>
  <controlfield tag="008">180608b        th ||||| |||| 00| 0 tha d</controlfield>
  <datafield tag="020" ind1=" " ind2=" ">
    <subfield code="a">9786162695988</subfield>
  </datafield>
  <datafield tag="040" ind1=" " ind2=" ">
    <subfield code="a">NALT</subfield>
  </datafield>
  <datafield tag="090" ind1=" " ind2=" ">
    <subfield code="a">KT 43</subfield>
    <subfield code="b">&#xE2A;831&#xE01; 2560</subfield>
  </datafield>
  <datafield tag="100" ind1="0" ind2=" ">
    <subfield code="9">29098</subfield>
    <subfield code="a">&#xE2A;&#xE38;&#xE1E;&#xE34;&#xE0A;&#xE0C;&#xE32;&#xE22;&#xE4C; &#xE28;&#xE34;&#xE23;&#xE34;&#xE27;&#xE31;&#xE12;&#xE19;&#xE32; &#xE2A;&#xE35;&#xE15;&#xE30;&#xE2A;&#xE34;&#xE17;&#xE18;&#xE34;&#xE4C;</subfield>
  </datafield>
  <datafield tag="245" ind1="1" ind2="0">
    <subfield code="a">&#xE01;&#xE0E;&#xE2B;&#xE21;&#xE32;&#xE22;&#xE27;&#xE34;&#xE18;&#xE35;&#xE1E;&#xE34;&#xE08;&#xE32;&#xE23;&#xE13;&#xE32;&#xE04;&#xE27;&#xE32;&#xE21;&#xE2D;&#xE32;&#xE0D;&#xE32; &#xE40;&#xE25;&#xE48;&#xE21; 2 / </subfield>
    <subfield code="c">&#xE2A;&#xE38;&#xE1E;&#xE34;&#xE0A;&#xE0C;&#xE32;&#xE22;&#xE4C; &#xE28;&#xE34;&#xE23;&#xE34;&#xE27;&#xE31;&#xE12;&#xE19;&#xE32; &#xE2A;&#xE35;&#xE15;&#xE30;&#xE2A;&#xE34;&#xE17;&#xE18;&#xE34;&#xE4C;, &#xE2A;&#xE38;&#xE1E;&#xE08;&#xE19;&#xE4C; &#xE2A;&#xE35;&#xE15;&#xE30;&#xE2A;&#xE34;&#xE17;&#xE18;&#xE34;&#xE4C;.</subfield>
  </datafield>
  <datafield tag="260" ind1=" " ind2=" ">
    <subfield code="a">&#xE01;&#xE23;&#xE38;&#xE07;&#xE40;&#xE17;&#xE1E;&#xE2F; :</subfield>
    <subfield code="b">&#xE27;&#xE34;&#xE0D;&#xE0D;&#xE39;&#xE0A;&#xE19;,</subfield>
    <subfield code="c">2560.</subfield>
  </datafield>
  <datafield tag="300" ind1=" " ind2=" ">
    <subfield code="a">346 &#xE2B;&#xE19;&#xE49;&#xE32; ;</subfield>
    <subfield code="c">26 &#xE0B;&#xE21;.</subfield>
  </datafield>
  <datafield tag="650" ind1=" " ind2="0">
    <subfield code="a">&#xE27;&#xE34;&#xE18;&#xE35;&#xE1E;&#xE34;&#xE08;&#xE32;&#xE23;&#xE13;&#xE32;&#xE04;&#xE27;&#xE32;&#xE21;&#xE2D;&#xE32;&#xE0D;&#xE32;</subfield>
    <subfield code="9">1089</subfield>
  </datafield>
  <datafield tag="700" ind1="0" ind2=" ">
    <subfield code="9">29099</subfield>
    <subfield code="a">&#xE2A;&#xE38;&#xE1E;&#xE08;&#xE19;&#xE4C; &#xE2A;&#xE35;&#xE15;&#xE30;&#xE2A;&#xE34;&#xE17;&#xE18;&#xE34;&#xE4C;</subfield>
  </datafield>
  <datafield tag="850" ind1=" " ind2=" ">
    <subfield code="a">NALT</subfield>
  </datafield>
  <datafield tag="942" ind1=" " ind2=" ">
    <subfield code="2">local</subfield>
    <subfield code="c">LB</subfield>
    <subfield code="0">10</subfield>
  </datafield>
  <datafield tag="998" ind1=" " ind2=" ">
    <subfield code="j">111</subfield>
    <subfield code="k"> &#xE19;&#xE32;&#xE07;&#xE2A;&#xE32;&#xE27;&#xE1E;&#xE08;&#xE1E;&#xE34;&#xE13;  &#xE1E;&#xE23;&#xE21;&#xE40;&#xE2D;&#xE35;&#xE48;&#xE22;&#xE21;</subfield>
  </datafield>
  <datafield tag="952" ind1=" " ind2=" ">
    <subfield code="0">0</subfield>
    <subfield code="1">0</subfield>
    <subfield code="2">local</subfield>
    <subfield code="4">0</subfield>
    <subfield code="7">0</subfield>
    <subfield code="8">CLAW</subfield>
    <subfield code="a">NALT</subfield>
    <subfield code="b">NALT</subfield>
    <subfield code="d">2018-03-26</subfield>
    <subfield code="e">23</subfield>
    <subfield code="g">224.00</subfield>
    <subfield code="l">0</subfield>
    <subfield code="o">KT 43 &#xE2A;831&#xE01; 2560</subfield>
    <subfield code="p">3961208285</subfield>
    <subfield code="r">2018-12-06 00:00:00</subfield>
    <subfield code="t">&#xE09;.1</subfield>
    <subfield code="v">280.00</subfield>
    <subfield code="w">2018-03-26</subfield>
    <subfield code="y">LB</subfield>
  </datafield>
  <datafield tag="952" ind1=" " ind2=" ">
    <subfield code="0">0</subfield>
    <subfield code="1">0</subfield>
    <subfield code="2">local</subfield>
    <subfield code="4">0</subfield>
    <subfield code="7">0</subfield>
    <subfield code="8">CLAW</subfield>
    <subfield code="a">NALT</subfield>
    <subfield code="b">NALT</subfield>
    <subfield code="d">2018-03-26</subfield>
    <subfield code="e">23</subfield>
    <subfield code="g">224.00</subfield>
    <subfield code="l">10</subfield>
    <subfield code="m">9</subfield>
    <subfield code="o">KT 43 &#xE2A;831&#xE01; 2560</subfield>
    <subfield code="p">3961208284</subfield>
    <subfield code="r">2024-12-09 00:00:00</subfield>
    <subfield code="s">2024-11-29</subfield>
    <subfield code="t">&#xE09;.2</subfield>
    <subfield code="v">280.00</subfield>
    <subfield code="w">2018-03-26</subfield>
    <subfield code="y">LB</subfield>
  </datafield>
</record>
